000 00391nam a2200133Ia 4500
005 20260326235445.0
008 260326s9999||||xx |||||||||||||| ||und||
100 _aHegel, Georg Wilhelm Friedrich
245 0 _aSistema de las Artes :
_b Arquitectura, Escultura, Pintura y música /
_cGeorg Wilhelm Friedrich Hegel
260 _bEspasa-Calpe
300 _a164 p.
650 _aARTE
942 _cBK
999 _c7561
_d7561